000 00688nam a2200229Ia 4500
003 OSt
005 20220923223521.0
006 a|||||r|||| 00| 0
007 ta
008 Pun
024 _a218,490
037 _cTextual
040 _aARTS
_cARTS
_bPun
041 _2Pun
_aPun
082 _aQ8441xK66:g, 153P3
100 _aਗਿੱਲ, ਮਹਿੰਦਰ ਕੈਰ
245 0 _aਦਸਮ ਗੁਰੂ
_bਰਚਨਾ-ਸੰਸਾਰ
260 _aਦਿੱਲੀ
_b ਮਨਪ੍ਰੀਤ ਪ੍ਰਕਾFਨ
_c2003
300 _a196ਪੰ
_ccm.
942 _hQ8441xK66:g, 153P3
_cTEXL
_2CC
999 _c365898
_d365898